000 00344nam a2200145 i 4500
001 bg
100 1 _aRATAJSKI, L.
245 0 _aMetodyka kartografii społeczno-gospodarczej /
_cL. Ratajski.
250 _aWyd.2.
260 _aWarszawa,
_c1989.
040 _cBPK
041 _apol
942 _cKS
008 s pl f |000 0 pol
999 _c10243
_d10243
856 _uhttp://koha.tu.koszalin.pl/cgi-bin/koha/opac-detail.pl?biblionumber=10243
_yKatalog online BPK